000 01087cam a2200277 i 4500
003 SA-RiAUC
005 20250818070110.0
008 250731s1994 ua g b 000r0 ara c
040 _aSA-RiAUC
_bara
_cSA-RiAUC
_erda
082 0 4 _a252.5
_qSA-RiAUC
090 _a252.5
_bع ف ا
100 1 _aالعفاني، سيد بن حسين
_eمؤلف.
245 1 2 _aالرياض النضرة في فضائل الحج والعمرة /
_cتأليف السيد بن حسين العفاني ؛ قدم له محمد بن إسماعيل.
250 _aالطبعة الأولى.
264 1 _aالقاهرة :
_bمكتبة ابن تيمية،
_c1994
300 _a355 صفحة ؛
_c24 سم
336 _aنص
_btxt
_2rdacontent
_3كتاب
337 _aبدون وسيط
_bn
_2rdamedia
338 _aمجلد
_bnc
_2rdacarrier
504 _aببليوجرافية : صفحة 345.
650 7 _aالحج
_xفضائل
_2aucsh
650 7 _aالعمرة
_xفضائل
_2aucsh
700 1 _aإسماعيل، محمد
_eمقدم.
942 _2ddc
_cBOOK
_n0
949 _aSA-JeALM
_d250731
_umohamedma123
_n1
999 _c10931
_d10931